Word Ladder: Tony Best Play Quiz Stats

 Plays Quiz Updated Jun 9, 2019

Score 0/32 Timer 04:00
0 Plays Today
Clue 4-Letter Word % Correct
Texas, the ____ Star stateLONE
97.6%
Light fogMIST
97.2%
Not crazySANE
97.1%
007's last nameBOND
96.8%
Santa's is naughty or niceLIST
96.8%
Pole on a shipMAST
96.6%
Jekyll's alter egoHYDE
96.6%
QueueLINE
96.2%
Fail to retainLOSE
95.8%
Trigonometry functionSINE
95.8%
Dryer trap catcherLINT
95.3%
The ____ Night of Ballyhoo•LAST•
95.2%
____ in Yonkers•LOST•
95%
Animal skinHIDE
94.9%
____ It Like BeckhamBEND
94.9%
____ Afraid of Virginia Woolf?•WHO'S•
93.9%
Clue 4-Letter Word % Correct
Femur or stapesBONE
93.5%
Hemingway's 'For ____ the Bells Tolls'WHOM
93.2%
____ Day's Journey Into Night•LONG•
91%
George Michael's groupWHAM!
88.7%
To perfectHONE
87.9%
Drop of moistureBEAD
87.5%
French fries, for exampleSIDE
86.2%
Paper unitREAM
85.9%
Marat/____•SADE•
85.7%
Big buildupHYPE
83.8%
The ____ Thing•REAL•
83.6%
The Great White ____•HOPE•
82.9%
Rosencrantz and Guildenstern are ____•DEAD•
82.5%
Bogus or fakeSHAM
79.6%
Croupier's taskDEAL
77.8%
Katniss Everdeen's homeSEAM
74.6%

Today's Daily Dose

Missing Word
Sherlocks

Word Ladder
King of the Hill

Quick Pick
Songs in Pink

Get the Picture
NBA Teammates

You're not logged in!

Compare scores with friends on all Sporcle quizzes.
OR
Log In

Sporcle TV

Today on Sporcle TV


Watch our educational content, quiz creation guides, and fun videos on Sporcle TV.

Show Comments

Extras

Top Quizzes Today


Score Distribution

Your Account Isn't Verified!

In order to create a playlist on Sporcle, you need to verify the email address you used during registration. Go to your Sporcle Settings to finish the process.

Report this User

Report this user for behavior that violates our Community Guidelines.

Details: